Cartoonfiguren mit V - Statistiken

Allgemein
  • Dieses Quiz wurde 44 mal gespielt
  • Das Durchschnittsergebnis liegt bei 2 aus 6
Antwortstatistiken
Bildquiz Antwort % Korrekt
Vaiana
81%
Vegeta
64%
Verleihnix
43%
Vision
21%
Velma Dinkley
5%
Venellope von Schweetz
0%
Keine übereinstimmenden Quizze gefunden
Verteilung der Resultate
Anzahl Personen mit jedem Resultat
Perzentil nach korrekt beantworteten Fragen
Ihre Resultats-Entwicklung
Sie haben dieses Quiz noch nicht gespielt